<?xml version="1.0" encoding="UTF-8"?>
<record
    xmlns:xsi="http://www.w3.org/2001/XMLSchema-instance"
    xsi:schemaLocation="http://www.loc.gov/MARC21/slim http://www.loc.gov/standards/marcxml/schema/MARC21slim.xsd"
    xmlns="http://www.loc.gov/MARC21/slim">

  <leader>00586nam a22001217a 4500</leader>
  <datafield tag="040" ind1=" " ind2=" ">
    <subfield code="c">HS</subfield>
  </datafield>
  <datafield tag="082" ind1=" " ind2=" ">
    <subfield code="a">305</subfield>
  </datafield>
  <datafield tag="110" ind1=" " ind2=" ">
    <subfield code="a">&#x1782;&#x17C6;&#x179A;&#x17C4;&#x1784;&#x1794;&#x1789;&#x17D2;&#x1787;&#x17D2;&#x179A;&#x17B6;&#x1794;&#x1799;&#x17C1;&#x1793;&#x178C;&#x17D0;&#x179A;</subfield>
  </datafield>
  <datafield tag="245" ind1=" " ind2=" ">
    <subfield code="a">&#x179C;&#x17B7;&#x1792;&#x17B8;&#x179F;&#x17B6;&#x179F;&#x17D2;&#x178F;&#x17D2;&#x179A; PGM &#x1780;&#x17D2;&#x1793;&#x17BB;&#x1784;&#x1780;&#x17B6;&#x179A;&#x1794;&#x1784;&#x17D2;&#x1780;&#x17BE;&#x1793;&#x179F;&#x1798;&#x178F;&#x17D2;&#x1790;&#x1797;&#x17B6;&#x1796;&#x178A;&#x17BE;&#x1798;&#x17D2;&#x1794;&#x17B8;&#x179A;&#x17C0;&#x1794;&#x1785;&#x17C6;&#x1782;&#x17C4;&#x179B;&#x1793;&#x1799;&#x17C4;&#x1794;&#x17B6;&#x1799;&#x178F;&#x17B6;&#x1798;&#x179C;&#x17B7;&#x179F;&#x17D0;&#x1799;&#x178A;&#x17C2;&#x179B;&#x1786;&#x17D2;&#x179B;&#x17BE;&#x1799;&#x178F;&#x1794;&#x1793;&#x17B9;&#x1784;&#x178F;&#x1798;&#x17D2;&#x179A;&#x17BC;&#x179C;&#x1780;&#x17B6;&#x179A;&#x1799;&#x17C1;&#x1793;&#x178C;&#x17D0;&#x179A;</subfield>
  </datafield>
  <datafield tag="260" ind1=" " ind2=" ">
    <subfield code="a">Cambodia</subfield>
    <subfield code="b">&#x1782;&#x17C6;&#x179A;&#x17C4;&#x1784;&#x1794;&#x1789;&#x17D2;&#x1787;&#x17D2;&#x179A;&#x17B6;&#x1794;&#x1799;&#x17C1;&#x1793;&#x178C;&#x17D0;&#x179A;</subfield>
    <subfield code="c">2007</subfield>
  </datafield>
  <datafield tag="300" ind1=" " ind2=" ">
    <subfield code="a">115p;</subfield>
  </datafield>
  <datafield tag="942" ind1=" " ind2=" ">
    <subfield code="c">EK</subfield>
  </datafield>
  <datafield tag="999" ind1=" " ind2=" ">
    <subfield code="c">9936</subfield>
    <subfield code="d">9936</subfield>
  </datafield>
  <datafield tag="952" ind1=" " ind2=" ">
    <subfield code="0">0</subfield>
    <subfield code="1">0</subfield>
    <subfield code="4">0</subfield>
    <subfield code="6">305_000000000000000_&#x1782;&#x17C6;&#x179A;&#x17C4;&#x1784;&#x1794;&#x1789;&#x1787;&#x179A;&#x17B6;&#x1794;&#x1799;&#x17C1;&#x1793;&#x178C;&#x179A;_2007_C197</subfield>
    <subfield code="7">0</subfield>
    <subfield code="9">52165</subfield>
    <subfield code="a">LBC</subfield>
    <subfield code="b">LBC</subfield>
    <subfield code="c">C197</subfield>
    <subfield code="d">2016-09-15</subfield>
    <subfield code="o">305 &#x1782;&#x17C6;&#x179A;&#x17C4;&#x1784;&#x1794;&#x1789;&#x17D2;&#x1787;&#x17D2;&#x179A;&#x17B6;&#x1794;&#x1799;&#x17C1;&#x1793;&#x178C;&#x17D0;&#x179A; 2007 C197</subfield>
    <subfield code="p">RUA41615</subfield>
    <subfield code="r">2016-09-15</subfield>
    <subfield code="y">EK</subfield>
  </datafield>
</record>
